Normal view
MARC view
Entry Personal Name
001 - CONTROL NUMBER
- control field: 21214
003 - CONTROL NUMBER IDENTIFIER
- control field: dpl
005 - DATE AND TIME OF LATEST TRANSACTION
- control field: 20100923105659.0
008 - FIXED-LENGTH DATA ELEMENTS
- fixed length control field: 100923|||a|||||| | ||| d
040 ## - CATALOGING SOURCE
- Original cataloging agency: dpl
- Transcribing agency: dpl
100 ## - HEADING--PERSONAL NAME
- Personal name: Max, Peter
670 ## - SOURCE DATA FOUND
- Source citation: Work cat.: (dpl)32726: Sleeping beauty and other stories /, 2010
670 ## - SOURCE DATA FOUND
- Source citation: Work cat.: (dpl)32726: Sleeping beauty and other stories /, 2010
